000
00222nam a22000857a 4500
999
_c
11010
_d
11010
008
180719b ||||| |||| 00| 0 eng d
100
_a
Helfand
_9
6780
245
_a
The Industrial Revolution
260
_a
New Delhi
_b
Campfire
_c
2016